Land vs. Land #188 - Statistiken

Allgemein
  • Dieses Quiz wurde 16 mal gespielt
  • Das Durchschnittsergebnis liegt bei 9 aus 14
Antwortstatistiken
Frage Antwort % Korrekt
...durchschnittlicher IQ? Südkorea🇰🇷
100%
...Einwohner? Südkorea🇰🇷
87%
...Lebenserwartung? Südkorea🇰🇷
87%
...Militär? Südkorea🇰🇷
80%
...Gewinner? Südkorea🇰🇷
80%
...Happy Planet Index? Südkorea🇰🇷
73%
...Bruttoinlandsprodukt pro Kopf? VAE🇦🇪
73%
...Fläche? Südkorea🇰🇷
67%
...Gesundheitswesen? Südkorea🇰🇷
67%
...Bruttoinlandsprodukt? Südkorea🇰🇷
60%
...Exportmengen? Südkorea🇰🇷
60%
...Tourismus? VAE🇦🇪
47%
...Frieden? Südkorea🇰🇷
40%
...HDI (Human Development Index)? VAE🇦🇪
27%
Keine übereinstimmenden Quizze gefunden
Verteilung der Resultate
Anzahl Personen mit jedem Resultat
Perzentil nach korrekt beantworteten Fragen
Ihre Resultats-Entwicklung
Sie haben dieses Quiz noch nicht gespielt